| 000 | 01502cam a22003852 4500 | ||
|---|---|---|---|
| 001 | 0000003728 | ||
| 005 | 20151217151931.0 | ||
| 008 | 070514s xx 000 0 eng d | ||
| 020 | _a9966846190 : | ||
| 040 |
_aKABU _cKABU |
||
| 050 | 0 |
_aQC21.2 _b.O44 1993 |
|
| 100 | 1 |
_aO'Leary, Jenny S. _@0000153832 |
|
| 245 | 1 | 0 |
_aPhysics 1 / _cJenny S. O'Leary, Nadukuru L. Das. |
| 260 |
_aNairobi : _bNairobi University Press, _c1993. |
||
| 300 | _a364 p. | ||
| 650 | 0 |
_aMechanics. _@0000024001 |
|
| 700 | 1 |
_aDas, Nadukuru L. _@0000153833 |
|
| 908 | _a070514 | ||
| 950 | _@1 | ||
| 999 |
_c6477 _d6477 |
||